[Event "BCF-ch"]
[Site "Blackpool"]
[Date "1971.??.??"]
[Round "10"]
[White "Penrose, Jonathan"]
[Black "Clarke, Peter H"]
[Result "1/2-1/2"]
[WhiteElo "2450"]
[BlackElo "2380"]

1.d4 d5 2.c4 dxc4 3.Nf3 c5 4.e3 e6 5.Bxc4 a6 6.dxc5 Qxd1+ 7.Kxd1 Bxc5 8.Ke2 Nf6
9.Rd1 Nbd7 10.a3 b5 11.Bd3 Bb7 12.b4 Be7 13.Bb2 O-O 14.Nbd2 Nb6 15.Bd4 Nfd5
16.Rdc1 Rac8 17.Ne4 Na4 18.Kd2 f6 19.Nc5 Bxc5 20.Bxc5 Rfd8 21.Ne1 e5 22.f3 g6
23.Ke2 Rd7 24.Rc2  1/2-1/2

[Event "DEN-ch"]
[Site "Hjorring"]
[Date "1971.??.??"]
[Round "2"]
[White "Bjerre, Troels"]
[Black "Kolbak, Jens"]
[Result "0-1"]
[WhiteElo "2320"]
[BlackElo "2200"]

1.d4 d5 2.c4 dxc4 3.Nf3 a6 4.e3 Bg4 5.Bxc4 e6 6.h3 Bxf3 7.Qxf3 Nc6 8.O-O Nf6
9.Rd1 Bd6 10.b3 O-O 11.Bb2 Qe7 12.Nc3 Ba3 13.Bxa3 Qxa3 14.Ne4 Nxe4 15.Qxe4 Rfe8
16.Rd2 Qd6 17.Rad1 Rad8 18.Qh4 Qe7 19.Qxe7 Nxe7 20.d5 exd5 21.Bxd5 Nxd5 22.Rxd5 Rxd5
23.Rxd5 Kf8 24.Rd7 Rc8 25.Kf1 Ke8 26.Rd4 c5 27.Rh4 h6 28.Ke2 Ke7 29.Rg4 g6
30.Rh4 h5 31.Rf4 b5 32.g4 hxg4 33.hxg4 f6 34.a4 Rh8 35.Kd3 Rh4 36.axb5 axb5
37.Re4+ Kd6 38.f3 Rh3 39.f4 Rh4 40.Re8 Rxg4 41.Rb8 Kc6 42.Rc8+ Kb6 43.Ke4 Rg3
44.Kd5 Rxe3 45.Rc6+ Ka5 46.Rxf6 Kb4 47.Rxg6 Rxb3 48.f5 Rf3 49.f6 c4 50.Ke6 c3
51.f7 Rxf7  0-1

[Event "URS-chT Moscow"]
[Site "Moscow"]
[Date "1972.??.??"]
[Round "?"]
[White "Kakageldyev, Amanmurad"]
[Black "Bagirov, Vladimir"]
[Result "1-0"]
[WhiteElo "2395"]
[BlackElo "2515"]

1.d4 d5 2.c4 dxc4 3.Nf3 a6 4.a4 Nf6 5.e3 Bg4 6.Bxc4 e6 7.h3 Bh5 8.Nc3 Nc6
9.Qe2 Bd6 10.O-O e5 11.g4 Nxg4 12.hxg4 Bxg4 13.Bd5 f5 14.Bxc6+ bxc6 15.dxe5 Bxe5
16.e4 f4 17.Ra3 Qf6 18.Nb1 O-O 19.Re1 Rae8 20.Qf1 Re6 21.Qg2 Bh5 22.Ng5 Rd6
23.Rh3 Bg6 24.Nd2 Rfd8 25.Ngf3 Bf7 26.Nxe5 Qxe5 27.Nf3 Qa5 28.Bxf4 Rd1 29.Rxd1 Rxd1+
30.Kh2 Qxa4 31.Rxh7  1-0

[Event "Netanya-B"]
[Site "Netanya"]
[Date "1973.??.??"]
[Round "4"]
[White "Soos, Bela"]
[Black "Lederman, Leon"]
[Result "1-0"]
[WhiteElo "2420"]
[BlackElo "2200"]

1.d4 d5 2.c4 dxc4 3.Nf3 a6 4.e3 Bg4 5.Bxc4 e6 6.Nc3 Nf6 7.h3 Bxf3 8.Qxf3 Nc6
9.O-O Bd6 10.Rd1 O-O 11.a3 e5 12.Nd5 Nd7 13.b4 Rb8 14.Bb2 exd4 15.exd4 Ne7
16.Ne3 Nb6 17.Bb3 Qd7 18.Rac1 Qb5 19.Qg4 Qd7 20.Qxd7 Nxd7 21.Nc4 Bf4 22.Rc2 c6
23.Re2 Nd5 24.Ne5 N7b6 25.g3 Bg5 26.Nd3 Rfe8 27.Rde1 Rxe2 28.Rxe2 Be7 29.Nc5 Bd6
30.Kg2 Ne7 31.Kf3 Nbd5 32.h4 h5 33.Rc2 a5 34.bxa5 Bxc5 35.Rxc5 Ra8 36.Bxd5 Nxd5
37.Bc1 g6 38.Bd2 Kf8 39.Rc1 Ke8 40.Rb1 Ra7 41.Bb4 Kd7 42.Bc5 Rxa5 43.Rxb7+ Ke6
44.Rb8 Rb5 45.Re8+ Kd7 46.Re1 Rb3+ 47.Kg2 Rb2 48.Kg1 Ra2 49.Kf1 f5 50.Re2 Rxe2
51.Kxe2 Kc7 52.Kd3 Kb7 53.Kc4 Kc7 54.a4 Nf6 55.Bb4 Ne4 56.Be1 Nf6 57.f3 Nd7
58.a5 Nf6 59.Bd2 Nd7 60.Bf4+ Kb7 61.d5 c5  1-0

[Event "Nice olm prel"]
[Site "Nice"]
[Date "1974.??.??"]
[Round "6"]
[White "Woodhams, Michael"]
[Black "Lombardy, William James"]
[Result "1-0"]
[WhiteElo "2200"]
[BlackElo "2520"]

1.d4 d5 2.c4 dxc4 3.Nf3 a6 4.e3 Bg4 5.Bxc4 e6 6.h3 Bh5 7.O-O Nf6 8.Qe2 Nc6
9.Rd1 Bd6 10.Nbd2 Qe7 11.a3 O-O 12.g4 Bg6 13.b4 Ne4 14.Bb2 f5 15.d5 fxg4
16.hxg4 b5 17.Bb3 Nxd2 18.Nxd2 Ne5 19.f4 Bd3 20.Qg2 Nc4 21.Nxc4 bxc4 22.dxe6 cxb3
23.Rxd3 Qxe6 24.Qd5 Qxd5 25.Rxd5 a5 26.bxa5 Rfe8 27.Kf2 Re4 28.Rad1 Rc4 29.R1d2 Rc2
30.Rxc2 bxc2 31.Rd2 c1=Q 32.Bxc1 Rxa5 33.Rd3 Rc5 34.Bd2 Rc4 35.Ke2 Kf7 36.Rb3 Rc2
37.Kd3 Ra2 38.Bb4 c5 39.Bc3 Be7 40.g5 c4+ 41.Kxc4 Rxa3 42.Rb7  1-0

[Event "Nice olm fin-A"]
[Site "Nice"]
[Date "1974.??.??"]
[Round "13"]
[White "Rubinetti, Jorge A"]
[Black "Penrose, Jonathan"]
[Result "1-0"]
[WhiteElo "2415"]
[BlackElo "2450"]

1.d4 d5 2.c4 dxc4 3.Nf3 c5 4.d5 e6 5.e4 exd5 6.exd5 Bd6 7.Bxc4 Ne7 8.O-O O-O
9.Nc3 Bg4 10.h3 Bh5 11.Ne4 Na6 12.Re1 Nc7 13.Bg5 f6 14.Nxd6 Qxd6 15.Rxe7 fxg5
16.Rxc7 Bxf3 17.gxf3 Rf4 18.Bb3 Raf8 19.Rc6 Qd7 20.Qe2 Kh8 21.Qe6 Qd8 22.Rd6 Qb8
23.Rd7 Rxf3 24.d6  1-0

[Event "Quito"]
[Site "Quito"]
[Date "1975.??.??"]
[Round "4"]
[White "Idrovo, Franklin"]
[Black "Castro Rojas, Oscar Humberto"]
[Result "1/2-1/2"]
[WhiteElo "2200"]
[BlackElo "2360"]

1.d4 d5 2.c4 dxc4 3.Nf3 a6 4.a4 Nf6 5.e3 Bg4 6.Bxc4 e6 7.Qb3 Nc6 8.Bd2 Rb8
9.a5 Bd6 10.h3 Bh5 11.Qa4 O-O 12.b4 e5 13.d5 Ne7 14.Nc3 e4 15.Nd4 Be5 16.g4 Bg6
17.Qb3 c6 18.dxc6 Bxd4 19.exd4 Nxc6 20.d5 Nd4 21.Qa2 e3 22.Bxe3 Nc2+ 23.Kf1 Nxa1
24.Qxa1 Ne4 25.Na4 Qe7 26.Qe1 Ng3+ 27.fxg3 Qe4 28.Kf2 Qxc4 29.Nb6 Qb5 30.Qc3 f5
31.g5 Bh5 32.Re1 Rbe8 33.Qc4 Qxc4 34.Nxc4 Re4 35.Rc1 Rd8 36.d6 Kf7 37.Bc5 Ke6
38.Rc2 Kd7 39.Nb6+ Ke6 40.d7 Rxd7 41.Nxd7 Kxd7  1/2-1/2

[Event "BCF-ch"]
[Site "Brighton"]
[Date "1977.08.16"]
[Round "8"]
[White "Lambert, Glenn EJ"]
[Black "Clarke, Peter H"]
[Result "1/2-1/2"]
[WhiteElo "2420"]
[BlackElo "2340"]

1.d4 d5 2.c4 dxc4 3.Nf3 a6 4.e3 Nf6 5.Bxc4 e6 6.O-O c5 7.Qe2 b5 8.Bb3 Bb7
9.Rd1 Nbd7 10.Nc3 Qc7 11.e4 cxd4 12.Nxd4 Bd6 13.g3 Bc5 14.Be3 O-O 15.f3 Rfd8
16.Rd2 Qb6 17.Rad1 Rac8 18.Kg2 Nf8 19.Bc2 Qc7 20.Bb3 h6 21.Nc2 Bxe3 22.Qxe3 Rxd2+
23.Qxd2 N8d7 24.Ne3 Ne5 25.Qd6 Qxd6 26.Rxd6 Kf8 27.Kf2  1/2-1/2

[Event "Tungsram"]
[Site "Budapest"]
[Date "1977.??.??"]
[Round "?"]
[White "Lukacs, Peter"]
[Black "Castro Rojas, Oscar Humberto"]
[Result "1/2-1/2"]
[WhiteElo "2450"]
[BlackElo "2410"]

1.d4 d5 2.c4 dxc4 3.Nf3 a6 4.e3 Bg4 5.Bxc4 e6 6.h3 Bh5 7.Nc3 Nf6 8.O-O Nc6
9.Be2 Bd6 10.b3 Qe7 11.Bb2 O-O 12.Ne5 Bxe2 13.Nxc6 Bxd1 14.Nxe7+ Bxe7 15.Rfxd1 Rac8
16.Rac1 Rfd8 17.Rc2 Nd5 18.Nxd5 exd5 19.Rdc1 Bd6 20.Bc3 f5 21.g3 g5 22.Kg2 Re8
23.Bd2 Kf7 24.Rh1 Re4 25.h4 h6 26.hxg5 hxg5 27.Rh7+ Kg6 28.Rd7 Rce8 29.a4 R8e7
30.Rxe7 Rxe7 31.f4 Re8 32.b4 g4 33.Rb2 Ra8 34.Kf2 Kf6 35.Rb1 Rh8 36.Kg2 Ke6
37.Rh1 Rxh1 38.Kxh1 b6 39.Kg2 c5 40.b5  1/2-1/2

[Event "AUT-ch"]
[Site "AUT"]
[Date "1979.??.??"]
[Round "11"]
[White "Kargl, Kurt"]
[Black "Roehrl, Karl"]
[Result "1/2-1/2"]
[WhiteElo "2200"]
[BlackElo "2370"]

1.d4 d5 2.c4 dxc4 3.Nf3 c5 4.e3 Nf6 5.Bxc4 e6 6.O-O Nc6 7.Nc3 a6 8.dxc5 Qxd1
9.Rxd1 Bxc5 10.a3 b5 11.Be2 Bb7 12.b4 Be7 13.Bb2  1/2-1/2

[Event "URS-ch otbor"]
[Site "Beltsy"]
[Date "1979.??.??"]
[Round "?"]
[White "Magerramov, Elmar"]
[Black "Vorotnikov, Vladislav V"]
[Result "1-0"]
[WhiteElo "2435"]
[BlackElo "2410"]

1.d4 d5 2.c4 dxc4 3.Nf3 a6 4.e3 Bg4 5.Bxc4 e6 6.Nc3 Nf6 7.O-O c5 8.h3 Bh5
9.dxc5 Qxd1 10.Rxd1 Bxc5 11.g4 Bg6 12.Ne5 Nbd7 13.Nxg6 hxg6 14.g5 Rh4 15.Bd3 Ng8
16.Bf1 Rc8 17.Bg2 Rc7 18.Ne4 f5 19.Nd6+ Bxd6 20.Rxd6 Rhc4 21.Bd2 Ke7 22.Rd1 Ra4
23.Bc3 Rxa2 24.Rxe6+ Kd8 25.Bxg7 Ra5 26.Bf6+ Nxf6 27.gxf6  1-0

[Event "BCF-ch"]
[Site "Chester"]
[Date "1979.??.??"]
[Round "1"]
[White "Alcock, M."]
[Black "Penrose, Jonathan"]
[Result "0-1"]
[WhiteElo "2200"]
[BlackElo "2420"]

1.d4 d5 2.c4 dxc4 3.Nf3 a6 4.g3 b5 5.Bg2 Bb7 6.O-O e6 7.a4 Nd7 8.Re1 Ngf6
9.Bg5 Be7 10.Nfd2 Bxg2 11.Kxg2 h6 12.Bxf6 Nxf6 13.Nf3 O-O 14.e4 c5 15.e5 Nd5
16.Na3 Qb6 17.Re4 Rfd8 18.axb5 axb5 19.Nc2 Qb7 20.Rb1 Nc3 21.bxc3 Qxe4 22.Rxb5 Ra2  0-1

[Event "BCF-ch"]
[Site "Chester"]
[Date "1979.??.??"]
[Round "7"]
[White "Littlewood, Paul E"]
[Black "Penrose, Jonathan"]
[Result "0-1"]
[WhiteElo "2405"]
[BlackElo "2420"]

1.d4 d5 2.c4 dxc4 3.Nf3 a6 4.e3 Nf6 5.Bxc4 e6 6.O-O c5 7.a4 Nc6 8.Qe2 Qc7
9.Nc3 Bd6 10.Kh1 O-O 11.dxc5 Bxc5 12.e4 Ng4 13.Ba2 Nd4  0-1

[Event "URS Spartakiad"]
[Site "URS"]
[Date "1979.??.??"]
[Round "?"]
[White "Kakageldyev, Amanmurad"]
[Black "Vorotnikov, Vladislav V"]
[Result "1/2-1/2"]
[WhiteElo "2415"]
[BlackElo "2410"]

1.d4 d5 2.c4 dxc4 3.Nf3 a6 4.a4 Nf6 5.Nc3 Nc6 6.e4 Bg4 7.d5 Ne5 8.Bf4 Ng6
9.Bg3 e5 10.Bxc4 Bd6 11.Be2 Bxf3 12.Bxf3 h5 13.h4 Nf4 14.Bh2 Qd7 15.Bg1 Bc5
16.Qb3 O-O 17.Kf1 Bd4 18.g3 Ng6 19.Kg2 c6 20.dxc6 bxc6 21.Qc2 Rfb8 22.Be2 Rb4
23.f3 Rab8 24.Rb1 Qb7 25.Nd1 c5 26.Bf2 Qc6 27.b3 Nf8 28.Be1 R4b6 29.Ba5 R6b7
30.b4 Ne6 31.b5 axb5 32.Bxb5 Qd6 33.Nb2 Bxb2 34.Rxb2 Nd4 35.Qc4 Nxb5 36.axb5 Qd4
37.Qxd4  1/2-1/2

[Event "Malta ol (Men)"]
[Site "La Valetta"]
[Date "1980.??.??"]
[Round "?"]
[White "Plachetka, Jan"]
[Black "Radulov, Ivan"]
[Result "1/2-1/2"]
[WhiteElo "2480"]
[BlackElo "2465"]

1.d4 d5 2.c4 dxc4 3.Nf3 c5 4.e4 cxd4 5.Qxd4 Qxd4 6.Nxd4 a6 7.Nc3 e6 8.Bxc4 Bc5
9.Be3 Nc6 10.Rd1 Bxd4 11.Bxd4 Nxd4 12.Rxd4 Ne7 13.O-O Nc6 14.Rd2 Bd7 15.f4 Ke7
16.e5 g5 17.fxg5 Nxe5 18.Bd5 h6 19.Re1 Nc6 20.Bf3 Rad8 21.Nd5+ Kf8 22.Nb6 Be8
23.Rxd8 Nxd8 24.Rd1 Nc6 25.gxh6 Rxh6 26.Nd7+ Ke7 27.Nc5 Rh4 28.Nxb7 Ne5 29.Rc1 Rb4
30.Rc2 f5 31.Be2 f4 32.Nc5 Bg6 33.Nb3 Ra4 34.Rc5 Rxa2 35.Rxe5 Kf6 36.Ra5 Rxb2
37.Nd4 Rd2 38.Ra4 Be8 39.Rb4 a5 40.Rb8 Ke7 41.Bb5  1/2-1/2

[Event "BCF-ch"]
[Site "Morecambe"]
[Date "1981.08.11"]
[Round "8"]
[White "Law, Andrew P"]
[Black "Clarke, Peter H"]
[Result "1/2-1/2"]
[WhiteElo "2385"]
[BlackElo "2320"]

1.d4 d5 2.c4 dxc4 3.Nf3 a6 4.e3 Nf6 5.Bxc4 e6 6.O-O c5 7.a4 Nc6 8.Qe2 Qc7
9.Nc3 Bd6 10.dxc5 Bxc5 11.e4 Ng4 12.g3 O-O 13.Bf4 Bd6 14.Bxd6 Qxd6 15.Rad1 Qb4
16.Ba2 b6 17.Ng5 Nh6 18.f4 Bb7 19.Rd7 Na5 20.Rfd1 Rac8 21.h3 Ba8 22.R7d4 Qc5
23.Kh2 e5 24.Rd6 exf4 25.gxf4 Rc6 26.e5 Rxd6 27.Rxd6 Qb4 28.Qf2 Nc6 29.Bb1 f6
30.Nd5 Qxa4 31.exf6 gxf6 32.Nxf6+ Kh8 33.Nh5 Nf5 34.Rd7 Nce7 35.Bxf5 Nxf5
36.Rxh7+ Kg8 37.Ng3 Nxg3 38.Kxg3 Qb3+ 39.Kh4 Qc4 40.Kg3 Qb3+ 41.Kh4 Qc4 42.Kg4 Be4
43.Re7 Bf5+ 44.Kg3 Qd3+ 45.Re3  1/2-1/2

[Event "Bangalore"]
[Site "Bangalore"]
[Date "1981.??.??"]
[Round "12"]
[White "Dydyshko, Viacheslav"]
[Black "Aaron, Manuel"]
[Result "1-0"]
[WhiteElo "2445"]
[BlackElo "2380"]

1.d4 d5 2.c4 dxc4 3.Nf3 a6 4.e3 Bg4 5.Bxc4 e6 6.h3 Bh5 7.O-O Nd7 8.Nc3 Ngf6
9.Qe2 c5 10.d5 e5 11.a4 Bxf3 12.Qxf3 Bd6 13.e4 O-O 14.Bd2 Rc8 15.Kh2 Re8
16.g3 Rb8 17.Kg2 Nf8 18.Qd3 Ng6 19.a5 h6 20.Nd1 Qd7 21.Qf3 Nh7 22.h4 Rf8
23.Ne3 Ne7 24.Bd3 Nf6 25.Nc4 Ne8 26.Bc3 f6 27.Nb6 Qd8 28.Qg4 Nc7 29.f4 exf4
30.gxf4 Nb5 31.Qe6+ Kh8 32.e5 Nxd5 33.Nxd5 Nxc3 34.bxc3 fxe5 35.Qg6 e4 36.Bxe4 Kg8
37.Rae1 Re8 38.Qh7+ Kf8 39.Bg6  1-0

[Event "Bochum"]
[Site "Bochum"]
[Date "1981.??.??"]
[Round "?"]
[White "Keene, Raymond D"]
[Black "Kavalek, Lubomir"]
[Result "0-1"]
[WhiteElo "2490"]
[BlackElo "2550"]

1.d4 d5 2.c4 dxc4 3.Nf3 a6 4.e3 Bg4 5.Bxc4 e6 6.h3 Bh5 7.O-O Nf6 8.Nc3 Nc6
9.Be2 Bd6 10.b3 Bg6 11.Bb2 Nd5 12.Rc1 Nxc3 13.Bxc3 O-O 14.Bd3 Ba3 15.Rb1 a5
16.Bxg6 hxg6 17.Qe2 Qe7 18.Ba1 Bd6 19.e4 Rfe8 20.Rfd1 e5 21.d5 Nb8 22.Nd2 Nd7
23.Nc4 f5 24.Rbc1 Nf6 25.exf5 gxf5 26.Qc2 Ne4 27.Re1 b5 28.Nd2 Nxd2 29.Qxd2 Qf7
30.Rc6 b4 31.Rc4 a4 32.Qc2 axb3 33.axb3 Ra5 34.g4 f4 35.Qe4 Qxd5 36.Qxd5+ Rxd5
37.Rxf4 exf4 38.Rxe8+ Kf7 39.Re1 Rd3 40.Rb1 Rxh3  0-1

[Event "Lone Pine op"]
[Site "Lone Pine"]
[Date "1981.??.??"]
[Round "?"]
[White "Ree, Hans"]
[Black "Lombardy, William James"]
[Result "1/2-1/2"]
[WhiteElo "2485"]
[BlackElo "2520"]

1.d4 d5 2.c4 dxc4 3.Nf3 a6 4.e3 Bg4 5.Bxc4 e6 6.h3 Bh5 7.Nc3 Nc6 8.O-O Nf6
9.Be2 Bd6 10.b3 Nd5 11.Ne4 f5 12.Nxd6+ cxd6 13.Bb2 O-O  1/2-1/2

[Event "Lone Pine op"]
[Site "Lone Pine"]
[Date "1981.??.??"]
[Round "?"]
[White "Ree, Hans"]
[Black "Henley, Ron W"]
[Result "1-0"]
[WhiteElo "2485"]
[BlackElo "2440"]

1.d4 d5 2.c4 dxc4 3.Nf3 a6 4.e3 Bg4 5.Bxc4 e6 6.Nc3 Nc6 7.d5 exd5 8.Bxd5 Nge7
9.Bxf7+ Kxf7 10.Ng5+ Ke8 11.Qxg4 h5 12.Qf4 Qd3 13.Bd2 Rh6 14.Qf7+ Kd7 15.O-O-O Ne5
16.Qb3 Rb6 17.Qa4+ N7c6 18.Be1 Bd6 19.Rxd3 Nxd3+ 20.Kc2 Nxe1+ 21.Rxe1 Rb4
22.Qa3 Rf8 23.Nf3 Rg4 24.Qb3 Rxg2 25.Ne4 Rxf3 26.Qxb7 Rfxf2+ 27.Nxf2 Rxf2+
28.Kb1 Bxh2 29.Rc1 Ne7 30.Qxa6 Be5 31.Rd1+ Bd6 32.e4 Ng6 33.Rxd6+  1-0

[Event "Moscow-4teams"]
[Site "Moscow"]
[Date "1981.??.??"]
[Round "?"]
[White "Razuvaev, Yuri S"]
[Black "Bagirov, Vladimir"]
[Result "1/2-1/2"]
[WhiteElo "2510"]
[BlackElo "2505"]

1.d4 d5 2.c4 dxc4 3.Nf3 a6 4.e3 Bg4 5.Bxc4 e6 6.Nc3 Nf6 7.O-O c5 8.dxc5 Qxd1
9.Rxd1 Bxc5 10.b3 Nc6 11.Bb2 O-O 12.Be2 Rfd8 13.Kf1 Kf8 14.Na4 Be7 15.Nd4 Bxe2+
16.Kxe2 Nxd4+ 17.Bxd4  1/2-1/2

[Event "Pamporovo"]
[Site "Pamporovo"]
[Date "1981.??.??"]
[Round "8"]
[White "Ornstein, Axel"]
[Black "Radulov, Ivan"]
[Result "1-0"]
[WhiteElo "2475"]
[BlackElo "2460"]

1.d4 d5 2.c4 dxc4 3.Nf3 c5 4.e4 cxd4 5.Qxd4 Qxd4 6.Nxd4 a6 7.Bxc4 e6 8.Be3 Bc5
9.Nd2 Nc6 10.Nxe6 Bxe3 11.Nc7+ Kd8 12.Nxa8 Ba7 13.Bd5 Nge7 14.Bxc6 bxc6 15.Nc4 Be6
16.b3 Bxc4 17.bxc4 Kc8 18.Rb1 Rd8 19.Nb6+ Kc7 20.c5 Rd4 21.f3 Nc8 22.Nxc8 Kxc8
23.Rc1 f5 24.exf5 Rd5 25.g4 Bxc5 26.Rc4 Kc7 27.Ke2 Bd4 28.Rd1 Re5+ 29.Kf1 Bb2
30.Rb1 Ba3 31.Ra4 Bc5 32.Rxa6 Bd4 33.Re1 Rc5 34.Ra4 Bf6 35.f4 h6 36.Re2 Rc1+
37.Kg2 c5 38.g5 hxg5 39.fxg5 Bd4 40.Kf3 Kd6 41.f6 gxf6 42.g6 Rf1+ 43.Kg4 Rg1+
44.Kh5 f5 45.Kh6 Kd5 46.Ra7 f4 47.Rf7 Rf1 48.g7 Rg1 49.Rf5+ Kd6 50.Rg5 Bxg7+
51.Rxg7 Rxg7 52.Kxg7 Kd5 53.Kf6 f3 54.Re3  1-0

[Event "Santiago"]
[Site "Santiago"]
[Date "1981.??.??"]
[Round "1"]
[White "Campos Moreno, Javier B"]
[Black "Garcia Palermo, Carlos"]
[Result "0-1"]
[WhiteElo "2410"]
[BlackElo "2460"]

1.d4 d5 2.c4 dxc4 3.Nf3 c5 4.e3 e6 5.Bxc4 Nf6 6.O-O a6 7.a4 Nc6 8.Qe2 cxd4
9.Rd1 Be7 10.exd4 O-O 11.Nc3 Nd5 12.Bd3 Ncb4 13.Bb1 b6 14.a5 bxa5 15.Ne5 Ra7
16.Ra3 f5 17.Na4 Re8 18.Qh5 Bf6 19.Rg3 Rc7 20.Bh6 Ree7 21.Bg5 Bd7 22.Bxf6 Nxf6
23.Qh4 Bxa4 24.Qxf6 Re8 25.Qxd8 Rxd8 26.Re1 Rxd4 27.Ra3 Nc2 28.Bxc2 Rxc2
29.h3 Rxb2 30.Rc1 Rb8 31.Rc7 f4 32.Nf3 Rd1+ 33.Kh2 Bb3 34.Rxa5 Bd5 35.Ne5 Rd2
36.Rac5 h6 37.Rc8+ Rxc8 38.Rxc8+ Kh7 39.f3 Re2 40.h4 Rxe5  0-1

[Event "Tuzla"]
[Site "Tuzla"]
[Date "1981.??.??"]
[Round "1"]
[White "Lukacs, Peter"]
[Black "Milovanovic, Ninoslav"]
[Result "1/2-1/2"]
[WhiteElo "2465"]
[BlackElo "2240"]

1.d4 d5 2.c4 dxc4 3.Nf3 a6 4.e3 Bg4 5.Bxc4 e6 6.h3 Bh5 7.Nc3 Nf6 8.O-O Nc6
9.Be2 Bd6 10.b3 O-O 11.Bb2 Qe8 12.Nd2 Bxe2 13.Qxe2 e5 14.d5 Nb4 15.Nc4 Nbxd5
16.Nxd5 Nxd5 17.Nxd6 cxd6 18.Rfd1 Nb4 19.Rxd6 Rc8 20.Qg4 a5 21.Qe4 Rc2 22.Qxe5 Qxe5
23.Bxe5 f6 24.Bg3 Nxa2 25.Rb6 Rf7 26.Kh2 Rd7 27.Rb5 Nc3 28.Rc5 b6 29.Rc6 Rdd2
30.Rxb6 Ne4 31.Rb8+ Kf7 32.Rb7+ Kg6 33.Ra4 f5 34.Be5 Nf6 35.Bxf6 gxf6 36.Rb8 Rxf2
37.Rg8+ Kf7 38.Rg3 Ra2 39.Rh4 Rab2 40.Rxh7+ Ke6 41.Ra7 Rxb3 42.Rxa5 Rbb2
43.Rg7 f4 44.Ra6+ Kf5 45.exf4 Rxf4 46.Ra3 Rff2 47.h4 Rf1 48.h5 Rbb1 49.Kg3 Rh1
50.Rg4 Rb5 51.Rf3+ Ke6 52.Ra4 Rg5+ 53.Kf2 Rhxh5 54.Ra6+ Ke7 55.Rfxf6 Rh2  1/2-1/2

[Event "HUN-ch"]
[Site "Budapest"]
[Date "1982.??.??"]
[Round "?"]
[White "Lovass, Imre"]
[Black "Lengyel, Bela"]
[Result "1-0"]
[WhiteElo "2310"]
[BlackElo "2390"]

1.d4 d5 2.c4 dxc4 3.Nf3 a6 4.e3 Bg4 5.Bxc4 e6 6.h3 Bh5 7.Nc3 Nc6 8.Be2 Nf6
9.O-O Bd6 10.b3 O-O 11.Bb2 Qe7 12.Nd2 Bg6 13.Nc4 Rad8 14.Nxd6 Qxd6 15.Qc1 Nd5
16.Bf3 Ncb4 17.Ba3 a5 18.Qd2 c6 19.Rfc1 Nc7 20.Rd1 e5 21.Qb2 Qe7 22.dxe5 Qxe5
23.Rxd8 Rxd8 24.Rd1 Rxd1+ 25.Bxd1 Nd3 26.Qd2 b5 27.e4 Qd4 28.Bc2 b4 29.Qxd3 Qxd3
30.Bxd3 bxc3 31.f4 f6 32.Kf2 Nb5 33.Bc5 Bf7 34.Ke2 c2 35.Kd2 Nc3 36.Bxc2 Nxa2
37.Bb6 Nb4 38.Bd1 Na6 39.Kc3 Kf8 40.Be2 Nb8 41.Bxa5 Nd7 42.Bb4+ Ke8 43.Bd6 g6
44.h4 f5 45.Bf3 Nf6 46.exf5 Nd5+ 47.Kd4 gxf5 48.Ke5 Kd7 49.Bc5 Be6 50.b4 Nc7
51.g3  1-0

[Event "Elekes mem-B"]
[Site "Budapest"]
[Date "1982.??.??"]
[Round "?"]
[White "Schneider, Attila"]
[Black "Horvath, Gyula"]
[Result "1/2-1/2"]
[WhiteElo "2365"]
[BlackElo "2385"]

1.d4 d5 2.c4 dxc4 3.Nf3 c5 4.e3 e6 5.Bxc4 Nf6 6.O-O a6 7.a4 Nc6 8.Qe2 cxd4
9.Rd1 d3 10.Bxd3 Bd6 11.Nbd2 Qc7 12.Nc4 Bc5 13.b3 e5 14.Ng5 Bg4 15.f3 Bh5
16.Bb2 Bg6 17.Bxg6 hxg6 18.Ne4 Nxe4 19.fxe4 f6 20.Qg4 Ne7 21.Rac1 Rd8 22.b4 Rxd1+
23.Qxd1 Bxb4 24.Nxe5 Qd6 25.Nf3 Qxd1+  1/2-1/2

[Event "Midwest Masters"]
[Site "Chicago"]
[Date "1982.??.??"]
[Round "3"]
[White "Chachere, Lawrence"]
[Black "Szpisjak, Steven"]
[Result "0-1"]
[WhiteElo "2230"]
[BlackElo "2080"]

1.d4 d5 2.c4 dxc4 3.Nf3 a6 4.e4 Bg4 5.Bxc4 e6 6.Be2 Nf6 7.Nc3 Bb4 8.Qa4+ Nc6
9.O-O Bxc3 10.bxc3 Nxe4 11.Qc2 Nf6 12.Ba3 Ne7 13.Qb2 b6 14.h3 Bf5 15.Rad1 O-O
16.Rfe1 Re8 17.Ne5 Be4 18.f3 Bb7 19.Bd3 b5 20.Bb1 Rb8 21.Qc2 Ned5 22.Ng4 g6
23.Ne5 Nb6 24.Re2 Bd5 25.Rde1 Nc4 26.Nxc4 Bxc4 27.Re5 Nd7 28.R5e4 Bd5 29.Rg4 f5
30.Rg3 Qh4 31.Qf2 Kf7 32.f4 Nf6 33.Bc5 Nh5 34.Rf3 Qxf2+ 35.Rxf2 Nf6 36.Rb2 Be4
37.Bc2 Bxc2 38.Rxc2 a5 39.Rb1 Ne4 40.Ba3 Red8 41.Bc1 Ke7 42.Be3 Kd6 43.Kf1 Rb7
44.Ke2 Rdb8 45.Bd2 Kd5 46.Kd3 Nd6 47.a4 c6 48.Ra1 Nc4 49.Bc1 b4 50.cxb4 Rxb4
51.Rc3 Rb3 52.Ba3 Nxa3 53.Rxa3 Rxa3 54.Rxa3 Rb4 55.Ke3 Rxd4 56.g4 c5 57.gxf5 exf5
58.Ra1 Re4+ 59.Kf3 c4 60.Rd1+ Rd4 61.Rb1 c3 62.Ke3 c2 63.Rc1 Rc4 64.h4 Rc3+
65.Kd2 Kd4 66.h5 Rd3+ 67.Ke2 Kc3 68.hxg6 hxg6 69.Rg1 Rd6 70.Ke3 Kb2  0-1

[Event "Politiken Cup"]
[Site "Copenhagen"]
[Date "1982.??.??"]
[Round "2"]
[White "Wedberg, Tom"]
[Black "Laird, Craig"]
[Result "1-0"]
[WhiteElo "2435"]
[BlackElo "2340"]

1.d4 d5 2.c4 dxc4 3.Nf3 a6 4.e3 b5 5.a4 Bb7 6.b3 Nf6 7.bxc4 bxc4 8.Bxc4 e6
9.O-O Nbd7 10.Nc3 Be7 11.Qe2 O-O 12.Rb1 Qc8 13.Bb2 c5 14.Rfc1 Qc6 15.Bd3 e5
16.Qf1 Qe6 17.dxe5 Ng4 18.Ne4 Rac8 19.h3 Ngxe5 20.Nxe5 Nxe5 21.Bxe5 Bxe4
22.Bxe4 Qxe5 23.Qd3 Rcd8 24.Bxh7+ Kh8 25.Qf5 Qxf5 26.Bxf5 Rb8 27.Bd3 a5 28.Bb5 Kh7
29.Kf1 Kg6 30.Ke2 Kf6 31.Rc4 g6 32.f4 Rg8 33.Rf1 Kg7 34.e4 Rgd8 35.Ke3 Rb6
36.e5 f6 37.Re4 fxe5 38.Rxe5 Bf6 39.Re4 Rd4 40.Rxd4 cxd4+ 41.Kd2 Re6 42.Re1 Rxe1
43.Kxe1 Be7 44.Ke2 Bb4 45.g4 Be7 46.g5 Ba3 47.Kf3 Bc1 48.Bd3 Bd2 49.Kg4 Be3
50.h4  1-0

[Event "Halle-Buna"]
[Site "Halle"]
[Date "1982.??.??"]
[Round "3"]
[White "Knaak, Rainer"]
[Black "Malich, Burkhard"]
[Result "1/2-1/2"]
[WhiteElo "2505"]
[BlackElo "2435"]

1.d4 d5 2.c4 dxc4 3.Nf3 a6 4.e3 b5 5.a4 Bb7 6.b3 e6 7.bxc4 bxc4 8.Bxc4 Nd7
9.a5 Ngf6 10.O-O Bd6 11.Nbd2 O-O 12.Qe2 c5 13.e4 Be7 14.Bb2 cxd4 15.Bxd4 Nc5
16.Rfd1 Nfd7 17.e5 Qc7 18.Rdc1 Rfc8 19.Qe3 Qd8 20.Be2 Bd5 21.Nc4 Rab8 22.Nfd2 Bxc4
23.Bxc4 h6 24.Bf1 Rc7 25.Rc3 Rbc8 26.Be2 Rc6 27.Nc4 Nb7 28.Bf3 Bb4 29.Bxc6  1/2-1/2

[Event "Halle-Buna"]
[Site "Halle"]
[Date "1982.??.??"]
[Round "9"]
[White "Portisch, Ferenc"]
[Black "Gross, Stefan"]
[Result "1/2-1/2"]
[WhiteElo "2435"]
[BlackElo "2405"]

1.d4 d5 2.c4 dxc4 3.Nf3 a6 4.e3 Bg4 5.Bxc4 e6 6.O-O Nf6 7.Nbd2 Nc6 8.Be2 Bd6
9.h3 Bh5 10.b3 e5 11.dxe5 Nxe5 12.Bb2 Qe7 13.Nxe5  1/2-1/2

[Event "Hong Kong zt qual"]
[Site "Hong Kong"]
[Date "1982.??.??"]
[Round "?"]
[White "Torre, Eugenio"]
[Black "Mascarinas, Rico"]
[Result "1/2-1/2"]
[WhiteElo "2535"]
[BlackElo "2395"]

1.d4 d5 2.Nf3 c5 3.c4 dxc4 4.e4 cxd4 5.Qxd4 Qxd4 6.Nxd4 Bd7 7.Bxc4 Nc6 8.Nxc6 Bxc6
9.Nc3 e6 10.Nb5 Bb4+ 11.Bd2 Bxd2+ 12.Kxd2 Rd8+ 13.Ke3 a6  1/2-1/2

[Event "URS-ch sf"]
[Site "Pavlodar"]
[Date "1982.??.??"]
[Round "?"]
[White "Timoshchenko, Gennadi A"]
[Black "Lputian, Smbat G"]
[Result "0-1"]
[WhiteElo "2495"]
[BlackElo "2440"]

1.d4 d5 2.c4 dxc4 3.Nf3 c5 4.e3 cxd4 5.Bxc4 Qc7 6.Qb3 e6 7.exd4 Nc6 8.Qd1 Bb4+
9.Nc3 Bd7 10.O-O Bxc3 11.bxc3 Na5 12.Bd3 Nf6 13.Ne5 Qxc3 14.Bg5 Qxd4 15.Nxf7 Rf8
16.Be3 Qd5 17.Ng5 Bc6 18.f3 O-O-O 19.Bxh7 Nc4 20.Qe2 Nxh7 21.Nxh7 Rh8 22.Rad1 Qe5
23.Rxd8+ Rxd8 24.Re1 Nxe3 25.Qxe3 Qxe3+ 26.Rxe3 Bd5 27.a3 b5 28.Ng5 Kd7 29.Ne4 a5
30.Nc3 b4 31.axb4 axb4 32.Nxd5 exd5 33.Rb3 Rb8 34.Kf2 Kc6 35.Ke3 Kc5 36.Kd3 Ra8
37.Rb2 Ra3+ 38.Kd2 Kc4 39.Rc2+ Rc3 40.Ra2 Rd3+ 41.Kc1 Ra3 42.Re2 b3 43.Re7 Ra1+
44.Kb2 Ra2+ 45.Kb1 Rxg2 46.Rc7+ Kd3 47.Rb7 b2 48.Re7 g5 49.h3 d4 50.Re5 Kc4  0-1

[Event "Plovdiv"]
[Site "Plovdiv"]
[Date "1982.??.??"]
[Round "13"]
[White "Spassov, Liuben"]
[Black "Osnos, Viatcheslav"]
[Result "1/2-1/2"]
[WhiteElo "2450"]
[BlackElo "2455"]

1.Nf3 d5 2.d4 c5 3.c4 dxc4 4.e4 cxd4 5.Qxd4 Qxd4 6.Nxd4 Bd7 7.Bxc4 Nc6 8.Nxc6 Bxc6
9.Nc3 e6 10.Nb5 Bb4+ 11.Bd2 Bxd2+ 12.Kxd2 Ke7 13.Ke3 Nf6 14.f3 Rhc8  1/2-1/2

[Event "Smederevska Palanka"]
[Site "Smederevska Palanka"]
[Date "1982.??.??"]
[Round "9"]
[White "Haik, Aldo"]
[Black "Radulov, Ivan"]
[Result "1-0"]
[WhiteElo "2440"]
[BlackElo "2505"]

1.d4 d5 2.c4 dxc4 3.Nf3 c5 4.e4 cxd4 5.Bxc4 Nc6 6.O-O g6 7.e5 Bg7 8.Re1 e6
9.Bf4 Nge7 10.Nbd2 O-O 11.Ne4 Kh8 12.Qd2 Qa5 13.Rad1 Qxd2 14.Rxd2 h6 15.h4 a6
16.Nd6 b5 17.Bb3 Nf5 18.Nxf5 gxf5 19.Nxd4 Na5 20.Rc1 Bb7 21.Rc7 Rac8 22.Rd7 Nxb3
23.axb3 Rb8 24.Rc2 Ba8 25.Nxe6 fxe6 26.Rcc7 Rbc8 27.Ra7 Rg8 28.Bxh6 Kh7 29.Bxg7 Kg6
30.Bf6 f4 31.Rg7+ Kf5 32.f3 a5 33.h5 a4 34.h6 a3 35.bxa3 Bxf3 36.gxf3 Rc1+
37.Kg2 Rc2+ 38.Kf1 Rc1+ 39.Ke2  1-0